[Event "Kolhapur Kulkarni Memorial"]
[Site "Kolhapur"]
[Date "2021.12.04"]
[Round "1"]
[White "Pradeep, Tiwari"]
[Black "Gawas, Rohit"]
[Result "1-0"]
[WhiteElo "1887"]
[BlackElo "1032"]
[PlyCount "109"]
[EventDate "2021.12.04"]
[EventType "swiss"]
[EventRounds "10"]
[EventCountry "IND"]
[SourceTitle "EXT 2023"]
[Source "ChessBase"]
[SourceDate "2022.10.05"]
[SourceVersion "1"]
[SourceVersionDate "2022.10.05"]
[SourceQuality "1"]

1. e4 e6 2. d4 d5 3. exd5 exd5 4. Bd3 Nf6 5. Nf3 Bd6 6. 0-0 0-0 7. Bg5 h6 8. Bh4 Bg4 9. Nbd2 c5 10. dxc5 Bxc5 11. c3 Nbd7 12. Qc2 Rc8 13. h3 Bxf3 14. Nxf3 Qc7 15. Bxf6 Nxf6 16. Rad1 Qb6 17. Bf5 Rcd8 18. Nd4 Bxd4 19. Rxd4 Rd6 20. Rfd1 Rfd8 21. Qd2 Qc5 22. Bb1 b5 23. a3 a6 24. Bf5 Re8 25. a4 Qc6 26. axb5 axb5 27. Rb4 Nd7 28. Bd3 Rb8 29. Qf4 Nc5 30. Bxb5 Qc7 31. Rxd5 Rbd8 32. Rc4 Ne6 33. Qg3 Qb6 34. Rxd6 Rxd6 35. Rc8+ Nf8 36. Bc4 Rd1+ 37. Kh2 Qxb2 38. Bxf7+ Kxf7 39. Qf3+ Ke7 40. Qxf8+ Ke6 41. Re8+ Kd5 42. Rd8+ Kc4 43. Rxd1 Qxc3 44. Rc1 Qxc1 45. Qc8+ Kd3 46. Qxc1 Ke4 47. Qc4+ Kf5 48. g4+ Kg6 49. Qe4+ Kf7 50. f4 Kg8 51. f5 Kh7 52. Qe7 h5 53. g5 Kh8 54. g6 h4 55. Qf8# 1-0